<?xml version="1.0" encoding="UTF-8"?>
<record
    xmlns:xsi="http://www.w3.org/2001/XMLSchema-instance"
    xsi:schemaLocation="http://www.loc.gov/MARC21/slim http://www.loc.gov/standards/marcxml/schema/MARC21slim.xsd"
    xmlns="http://www.loc.gov/MARC21/slim">

  <leader>01579cam a2200313 i 4500</leader>
  <controlfield tag="001">17967566</controlfield>
  <controlfield tag="003">OSt</controlfield>
  <controlfield tag="005">20260513113527.0</controlfield>
  <controlfield tag="008">240621t20252025nyu      b    001 0 eng  </controlfield>
  <datafield tag="020" ind1=" " ind2=" ">
    <subfield code="a">9781032516554 (hbk)</subfield>
  </datafield>
  <datafield tag="040" ind1=" " ind2=" ">
    <subfield code="a">DLC</subfield>
    <subfield code="b">eng</subfield>
    <subfield code="c">DLC</subfield>
    <subfield code="e">rda</subfield>
    <subfield code="d">DLC</subfield>
    <subfield code="d">MILA_ain</subfield>
    <subfield code="d">MILA_ain</subfield>
  </datafield>
  <datafield tag="042" ind1=" " ind2=" ">
    <subfield code="a">pcc</subfield>
  </datafield>
  <datafield tag="043" ind1=" " ind2=" ">
    <subfield code="a">e-uk---</subfield>
  </datafield>
  <datafield tag="050" ind1="0" ind2="0">
    <subfield code="a">Z278</subfield>
    <subfield code="b">.C557 2025</subfield>
  </datafield>
  <datafield tag="100" ind1="1" ind2=" ">
    <subfield code="a">Clark, Giles N.</subfield>
    <subfield code="q">(Giles Noel)</subfield>
    <subfield code="e">author.</subfield>
    <subfield code="9">2743</subfield>
  </datafield>
  <datafield tag="245" ind1="1" ind2="0">
    <subfield code="a">Inside book publishing /</subfield>
    <subfield code="c">Giles Clark and Angus Phillips.</subfield>
  </datafield>
  <datafield tag="250" ind1=" " ind2=" ">
    <subfield code="a">7th ed.</subfield>
  </datafield>
  <datafield tag="260" ind1=" " ind2=" ">
    <subfield code="a">New York, </subfield>
    <subfield code="b">Routledge;</subfield>
    <subfield code="c">2025.</subfield>
  </datafield>
  <datafield tag="300" ind1=" " ind2=" ">
    <subfield code="a">xix, 355 pages :</subfield>
    <subfield code="b">illustrations, maps ;</subfield>
    <subfield code="c">26 cm</subfield>
  </datafield>
  <datafield tag="504" ind1=" " ind2=" ">
    <subfield code="a">Includes bibliographical references (pages 334-338) and index.</subfield>
  </datafield>
  <datafield tag="505" ind1="0" ind2=" ">
    <subfield code="a">The development of modern trade publishing -- Publishing for educational, academic and professional markets -- The characteristics of the main publishing sectors -- Creating and protecting value in publishing -- The author -- Commissioning -- The author contract and editorial development -- Design and production -- Marketing -- Sales and distribution -- Rights sales -- The sales channels for books in the UK -- Getting into publishing.</subfield>
  </datafield>
  <datafield tag="650" ind1=" " ind2="0">
    <subfield code="a">Publishers and publishing.</subfield>
    <subfield code="9">2744</subfield>
  </datafield>
  <datafield tag="650" ind1=" " ind2="0">
    <subfield code="a">Publishers and publishing</subfield>
    <subfield code="x">Vocational guidance.</subfield>
    <subfield code="9">2745</subfield>
  </datafield>
  <datafield tag="650" ind1=" " ind2="0">
    <subfield code="a">Publishers and publishing</subfield>
    <subfield code="z">Great Britain.</subfield>
    <subfield code="9">2746</subfield>
  </datafield>
  <datafield tag="700" ind1="1" ind2=" ">
    <subfield code="a">Phillips, Angus,</subfield>
    <subfield code="d">1961-</subfield>
    <subfield code="e">author.</subfield>
    <subfield code="9">2747</subfield>
  </datafield>
  <datafield tag="906" ind1=" " ind2=" ">
    <subfield code="a">7</subfield>
    <subfield code="b">cbc</subfield>
    <subfield code="c">orignew</subfield>
    <subfield code="d">1</subfield>
    <subfield code="e">ecip</subfield>
    <subfield code="f">20</subfield>
    <subfield code="g">y-gencatlg</subfield>
  </datafield>
  <datafield tag="942" ind1=" " ind2=" ">
    <subfield code="2">lcc</subfield>
    <subfield code="c">BK</subfield>
  </datafield>
  <datafield tag="999" ind1=" " ind2=" ">
    <subfield code="c">2663</subfield>
    <subfield code="d">2663</subfield>
  </datafield>
  <datafield tag="952" ind1=" " ind2=" ">
    <subfield code="0">0</subfield>
    <subfield code="1">0</subfield>
    <subfield code="2">lcc</subfield>
    <subfield code="4">0</subfield>
    <subfield code="7">0</subfield>
    <subfield code="a">MIUCL</subfield>
    <subfield code="b">MIUCL</subfield>
    <subfield code="c">GEN</subfield>
    <subfield code="d">2026-05-13</subfield>
    <subfield code="e">Emo Book Services Sdn Bhd</subfield>
    <subfield code="g">177.74</subfield>
    <subfield code="l">0</subfield>
    <subfield code="o">Z278 .C557 2025</subfield>
    <subfield code="p">0003625</subfield>
    <subfield code="r">2026-05-13 11:36:17</subfield>
    <subfield code="v">177.74</subfield>
    <subfield code="w">2026-05-13</subfield>
    <subfield code="y">BK</subfield>
  </datafield>
</record>
